[Event "ICS rated blitz match"]
[Site "204.178.125.65"]
[Date "2000.02.27"]
[Round "?"]
[White "Hossa"]
[Black "MissSilicon"]
[Result "1/2-1/2"]
[WhiteElo "2432"]
[BlackElo "2662"]
[PlyCount "273"]

1. d4 Nf6 2. c4 g6 3. Nc3 d5 4. cxd5 Nxd5 5. e4 Nxc3 6. bxc3 c5 7. Bc4 Bg7 8.
Nf3 Nc6 9. Be3 O-O 10. Rb1 cxd4 11. cxd4 Na5 12. Bb5 f5 13. e5 Be6 14. a4 Rc8
15. O-O Bd5 16. Re1 f4 17. Bd2 Nc6 18. Bxc6 Bxc6 19. Rc1 Qd7 20. a5 Ba4 21. Qe2
Bb5 22. Qe4 Rxc1 23. Bxc1 Bc6 24. Qe2 Qd8 25. Qc4+ Bd5 26. Qb5 Bxf3 27. gxf3
Qxd4 28. Qxb7 Bxe5 29. Qxe7 Bd6 30. Qe6+ Kg7 31. Bb2 Qxb2 32. Qxd6 Rf5 33. h4
Kh6 34. Qc7 a6 35. Kg2 Qb3 36. Re7 Qg8 37. Kh3 Qh8 38. Kh2 Rf8 39. Kg2 Rf5 40.
Re6 Qg8 41. Rxa6 Kh5 42. Ra8 Qf7 43. Qxf7 Rxf7 44. Kh3 Rf5 45. a6 Ra5 46. Rf8
Rxa6 47. Rxf4 Ra1 48. Kg2 Ra5 49. Re4 Ra1 50. Rb4 Rd1 51. Ra4 h6 52. Rg4 Rd7
53. Rc4 Rd1 54. Rb4 Re1 55. Rb6 Rd1 56. f4 Rc1 57. Rd6 Rb1 58. Re6 Rd1 59. Ra6
Re1 60. Rc6 Rd1 61. Re6 Ra1 62. Rf6 Ra3 63. Rc6 Ra1 64. Rf6 Re1 65. Ra6 Rd1 66.
f3 Rc1 67. Kg3 Rg1+ 68. Kf2 Rh1 69. Re6 Rh3 70. Kg2 Rxh4 71. Kg3 g5 72. f5 Rf4
73. Re5 Ra4 74. Rd5 Ra3 75. Kg2 g4 76. f6+ Kg6 77. fxg4 Kxf6 78. Rh5 Kg7 79.
Kf2 Rd3 80. Ke2 Rg3 81. Rh4 Kg6 82. Kf2 Rd3 83. Rh1 Kg5 84. Ke2 Rd4 85. Rh5+
Kxg4 86. Rxh6 Rd5 87. Kf2 Kg5 88. Rh3 Rd4 89. Kg2 Rd2+ 90. Kh1 Kg4 91. Re3 Kf4
92. Rh3 Kf5 93. Kg1 Kg4 94. Re3 Kf4 95. Re1 Kf3 96. Kh1 Kf2 97. Rc1 Rd4 98.
Rc2+ Kg3 99. Rc1 Rd3 100. Kg1 Re3 101. Kh1 Rb3 102. Kg1 Ra3 103. Kh1 Rf3 104.
Kg1 Rf4 105. Kh1 Rf2 106. Kg1 Rd2 107. Kf1 Kf3 108. Kg1 Rg2+ 109. Kf1 Rf2+ 110.
Kg1 Re2 111. Rd1 Rg2+ 112. Kh1 Rc2 113. Kg1 Ke2 114. Rb1 Ke3 115. Kh1 Rd2 116.
Kg1 Kf4 117. Kh1 Kg3 118. Kg1 Rd3 119. Kh1 Re3 120. Kg1 Re2 121. Kh1 Re4 122.
Kg1 Rd4 123. Kh1 Kf2 124. Rb2+ Kf3 125. Kh2 Rh4+ 126. Kg1 Re4 127. Kh1 Kg3 128.
Rb1 Kg4 129. Kh2 Re2+ 130. Kg1 Rd2 131. Kh1 Kf5 132. Rc1 Ke4 133. Kg1 Kf4 134.
Kf1 Rd4 135. Kg2 Kg4 136. Kh2 Rd2+ 137. Kg1 1/2-1/2

[Event "ICS rated blitz match"]
[Site "204.178.125.65"]
[Date "2000.02.27"]
[Round "?"]
[White "gambitmaster"]
[Black "Hossa"]
[Result "0-1"]
[WhiteElo "2552"]
[BlackElo "2441"]
[PlyCount "85"]

1. d4 Nf6 2. c4 e6 3. Nf3 b6 4. g3 Bb7 5. Bg2 Be7 6. O-O O-O 7. d5 exd5 8. Nd4
Bc6 9. Nxc6 dxc6 10. Qa4 a6 11. Nc3 Bc5 12. Bg5 d4 13. Rad1 Ra7 14. e3 Qd6 15.
exd4 Bxd4 16. Be3 c5 17. Nb5 Qd7 18. b3 axb5 19. Qxa7 bxc4 20. bxc4 Ng4 21. Bh3
f5 22. Bxg4 Nc6 23. Bxf5 Rxf5 24. Qa4 Qe6 25. Qa3 Rf8 26. Rc1 Ne5 27. Bxd4 Nf3+
28. Kg2 cxd4 29. h4 Qc6 30. Rg1 Nd2+ 31. Kh3 Qe6+ 32. g4 Rf3+ 33. Qxf3 Nxf3 34.
Rg3 Qe2 35. Rh1 Ne5 36. c5 Nd3 37. Rxd3 Qxd3+ 38. Kg2 bxc5 39. Re1 c4 40. Re7
Qg6 41. Kh3 Qc6 42. h5 c3 43. h6 0-1

[Event "ICS rated blitz match"]
[Site "204.178.125.65"]
[Date "2000.02.27"]
[Round "?"]
[White "poodledough"]
[Black "Hossa"]
[Result "1-0"]
[WhiteElo "2721"]
[BlackElo "2462"]
[PlyCount "127"]

1. d4 Nf6 2. c4 e6 3. Nc3 Bb4 4. e3 O-O 5. Bd3 d5 6. Nf3 dxc4 7. Bxc4 c5 8. O-O
cxd4 9. exd4 Nc6 10. Be3 Bd7 11. Rc1 Rc8 12. Qe2 Re8 13. a3 Be7 14. Rc2 Na5 15.
Ba2 Ng4 16. Ne5 Nxe5 17. dxe5 Nc6 18. Rd2 Nxe5 19. Rfd1 Bc5 20. Bd4 Bxd4 21.
Rxd4 Qa5 22. f4 Ng4 23. Qxg4 Qb6 24. Qe2 Bc6 25. Qf2 Qc7 26. Rd6 Qa5 27. Bb3 b6
28. R1d2 Qh5 29. Bd1 Qf5 30. Bc2 Qh5 31. Qe3 g6 32. Qe5 Qh4 33. g3 Qh3 34. b4
a6 35. a4 a5 36. b5 Bf3 37. Qe3 Ba8 38. Rxb6 h5 39. Ra6 h4 40. Nd1 hxg3 41.
Qxg3 Qh5 42. Ne3 Rc3 43. Rxa5 Ra3 44. Rd3 Ra1+ 45. Rd1 Ra2 46. Bb3 Rb2 47. Bc4
Bf3 48. Rc1 Rd8 49. Ra7 Be4 50. Bf1 Rb3 51. Rc4 Bf3 52. Qf2 Rb1 53. Qc2 Re1 54.
Rc8 Qh4 55. Qc7 Qf6 56. Rxd8+ Kg7 57. Rd7 Kh6 58. Rxf7 Rxf1+ 59. Kxf1 Qa1+ 60.
Kf2 Qb2+ 61. Kxf3 Qg7 62. Qe5 Qxf7 63. Qh8+ Qh7 64. Rxh7# 1-0

[Event "ICS rated blitz match"]
[Site "204.178.125.65"]
[Date "2000.02.27"]
[Round "?"]
[White "star"]
[Black "Hossa"]
[Result "0-1"]
[WhiteElo "2621"]
[BlackElo "2454"]
[PlyCount "70"]

1. e4 c5 2. c3 d5 3. exd5 Qxd5 4. d4 Nf6 5. Nf3 Bg4 6. Be2 e6 7. h3 Bh5 8. Na3
Nc6 9. g4 Bg6 10. g5 Ne4 11. Be3 cxd4 12. Nb5 O-O-O 13. Nbxd4 Qa5 14. O-O Be7
15. Nxc6 bxc6 16. Qc1 Bh5 17. h4 h6 18. Qc2 Bg6 19. h5 Bf5 20. Nd4 Ng3 21. Nxf5
Nxf5 22. gxh6 Nxe3 23. fxe3 Qg5+ 24. Kf2 Qh4+ 25. Kf3 Qxh5+ 26. Kg2 Qxh6 27.
Rh1 Qxe3 28. Ba6+ Kc7 29. Rxh8 Qg5+ 30. Kf1 Rxh8 31. Qf2 Rh1+ 32. Ke2 Qh5+ 33.
Kd3 Rh3+ 34. Kc2 Rh2 35. Qxh2+ Qxh2+ 0-1

[Event "ICS rated blitz match"]
[Site "204.178.125.65"]
[Date "2000.02.27"]
[Round "?"]
[White "Hossa"]
[Black "star"]
[Result "0-1"]
[WhiteElo "2477"]
[BlackElo "2598"]
[PlyCount "72"]

1. e4 c5 2. Nf3 d6 3. d4 cxd4 4. Nxd4 Nf6 5. Nc3 a6 6. Bg5 e6 7. f4 Qb6 8. Nb3
Be7 9. Qf3 h6 10. Bh4 Nxe4 11. Bxe7 Nxc3 12. Qxc3 Kxe7 13. Qxg7 Qe3+ 14. Be2
Rf8 15. Qxh6 Nd7 16. Nd2 Nf6 17. a3 Rg8 18. g3 b5 19. a4 Bb7 20. Ra3 Qb6 21.
Bf3 Bxf3 22. a5 Qd4 23. Rxf3 Rh8 24. c3 Qa4 25. Qg5 Qa1+ 26. Ke2 Qxh1 27. f5
Rxh2+ 28. Rf2 Rah8 29. Nf1 Qe4+ 30. Ne3 Rxf2+ 31. Kxf2 Rh2+ 32. Ke1 Qf3 33. Ng2
Rh1+ 34. Kd2 Qf2+ 35. Kd3 Rd1+ 36. Qd2 Rxd2# 0-1

[Event "ICS rated blitz match"]
[Site "204.178.125.65"]
[Date "2000.02.27"]
[Round "?"]
[White "star"]
[Black "Hossa"]
[Result "1-0"]
[WhiteElo "2609"]
[BlackElo "2466"]
[PlyCount "121"]

1. e3 e5 2. d4 exd4 3. exd4 d5 4. Nf3 Nf6 5. Bb5+ c6 6. Bd3 Be7 7. O-O O-O 8.
Bf4 Re8 9. Nc3 Qb6 10. Rb1 Bg4 11. Be2 Nbd7 12. Qd3 Nh5 13. Ng5 Bxg5 14. Bxg5
Bxe2 15. Nxe2 Re6 16. Rfe1 Rae8 17. Be3 Nhf6 18. Nf4 Re4 19. f3 R4e7 20. Qd2
Qa6 21. Nd3 Nb6 22. b3 Qa3 23. c3 Nbd7 24. c4 b6 25. Rbc1 a6 26. c5 bxc5 27.
Nxc5 Nxc5 28. Rxc5 Re6 29. Bf2 h6 30. Rxe6 fxe6 31. Rxc6 a5 32. Bg3 Qb4 33.
Qxb4 axb4 34. Bd6 Kf7 35. Bxb4 e5 36. dxe5 Rxe5 37. Rc7+ Kg6 38. Kf2 Re8 39.
Bc5 Rb8 40. Ke3 Ra8 41. a4 Re8+ 42. Kd2 Ra8 43. Ra7 Rxa7 44. Bxa7 Nd7 45. a5 h5
46. a6 Ne5 47. Bc5 Nc6 48. b4 d4 49. b5 Na5 50. Bxd4 Nc4+ 51. Kd3 Nd6 52. b6
Kf7 53. b7 Nxb7 54. axb7 g5 55. b8=Q Ke6 56. Qe8+ Kd6 57. Kc4 Kc7 58. Be5+ Kb6
59. Qc8 g4 60. Bd4+ Ka5 61. Qa8# 1-0

[Event "ICS rated blitz match"]
[Site "204.178.125.65"]
[Date "2000.02.27"]
[Round "?"]
[White "Hossa"]
[Black "star"]
[Result "0-1"]
[WhiteElo "2456"]
[BlackElo "2619"]
[PlyCount "124"]

1. e4 c6 2. d4 d5 3. exd5 cxd5 4. c4 Nf6 5. Nc3 e6 6. Nf3 Be7 7. Bg5 Nc6 8. c5
Ne4 9. Bxe7 Qxe7 10. Nxe4 dxe4 11. Nd2 O-O 12. Nxe4 Qh4 13. Nd6 Nxd4 14. g3 Qf6
15. f4 e5 16. Bg2 exf4 17. Ne4 Qd8 18. O-O fxg3 19. hxg3 Nf5 20. Qh5 Qd4+ 21.
Rf2 Be6 22. Rd1 Qe3 23. Bf3 Rad8 24. Rxd8 Rxd8 25. b3 h6 26. a4 Qxb3 27. a5 Qa4
28. a6 Qxa6 29. Rf1 Qd3 30. Rf2 Rd4 31. Nd2 Ra4 32. Nf1 Ra1 33. Bg2 Nxg3 34.
Qe5 Rb1 35. Qb8+ Kh7 36. Qf4 Qg6 37. Kh2 Nxf1+ 38. Bxf1 Qh5+ 39. Kg1 Bh3 40.
Qe4+ Qg6+ 41. Qxg6+ Kxg6 42. Rf3 Rxf1+ 43. Rxf1 Bxf1 44. Kxf1 Kf5 45. Kf2 Ke4
46. Ke2 Kd5 47. c6 Kxc6 48. Kd3 Kd5 49. Kc3 a5 50. Kd3 b5 51. Kc3 h5 52. Kd3 a4
53. Kd2 a3 54. Kc2 Kc4 55. Kd2 a2 56. Ke3 a1=Q 57. Kf2 Qf6+ 58. Kg3 h4+ 59. Kg2
b4 60. Kh2 Qf3 61. Kg1 h3 62. Kh2 Qg2# 0-1

[Event "ICS rated blitz match"]
[Site "204.178.125.65"]
[Date "2000.02.27"]
[Round "?"]
[White "star"]
[Black "Hossa"]
[Result "1-0"]
[WhiteElo "2628"]
[BlackElo "2447"]
[PlyCount "87"]

1. d4 Nf6 2. Nf3 e6 3. g3 c5 4. Bg2 d5 5. O-O cxd4 6. Bf4 Qb6 7. Qxd4 Bc5 8.
Qc3 Nc6 9. Qb3 h5 10. Nc3 h4 11. Qxb6 Bxb6 12. Nxh4 Nd4 13. Rfd1 Nxc2 14. Rac1
Nb4 15. Nf3 Ne4 16. Nxe4 dxe4 17. Nd2 e5 18. Bxe5 e3 19. Nc4 exf2+ 20. Kf1 Be6
21. Nxb6 axb6 22. Bd6 Nxa2 23. Rc7 Bd7 24. Rxb7 Rd8 25. Rd3 Rh6 26. Bc7 Rc8 27.
Bf4 Bf5 28. Rd5 Rh5 29. Re5+ Kf8 30. Bd5 Bg6 31. Rxh5 Bxh5 32. Bxa2 Ra8 33. Bc4
Ra4 34. Bd6+ Kg8 35. Bd3 Ra1+ 36. Kxf2 g6 37. h3 Rh1 38. Be5 Kh7 39. Rb8 Kh6
40. Bf6 Rh2+ 41. Kg1 Rh1+ 42. Kxh1 Bf3+ 43. exf3 Kh7 44. Rh8# 1-0

[Event "ICS rated blitz match"]
[Site "204.178.125.65"]
[Date "2000.02.27"]
[Round "?"]
[White "Hossa"]
[Black "PostModernist"]
[Result "0-1"]
[WhiteElo "2439"]
[BlackElo "2577"]
[PlyCount "48"]

1. d4 d5 2. c4 e6 3. Nc3 c6 4. e3 Nf6 5. Nf3 Nbd7 6. Bd3 dxc4 7. Bxc4 b5 8. Be2
Bb7 9. O-O a6 10. Bd2 Be7 11. Re1 O-O 12. Qc2 c5 13. Ng5 cxd4 14. exd4 Rc8 15.
a3 Qc7 16. Bd3 h6 17. Nge4 Bd6 18. Nxd6 Qxd6 19. Be3 Ng4 20. g3 Rxc3 21. Bh7+
Kh8 22. bxc3 f5 23. Bg6 Qd5 24. Kf1 Qf3 0-1

[Event "ICS rated blitz match"]
[Site "204.178.125.65"]
[Date "2000.02.27"]
[Round "?"]
[White "Hossa"]
[Black "star"]
[Result "0-1"]
[WhiteElo "2429"]
[BlackElo "2636"]
[PlyCount "94"]

1. e4 e5 2. Nf3 Nc6 3. d4 exd4 4. Nxd4 Nf6 5. Nxc6 dxc6 6. Qxd8+ Kxd8 7. Bd3
Bd6 8. O-O Be6 9. Rd1 Ke7 10. Bd2 Rhd8 11. Nc3 Be5 12. h3 Kf8 13. Na4 Nd7 14.
Bg5 Re8 15. Be3 Nb6 16. Nc3 Kg8 17. a4 Nc4 18. Bxc4 Bxc4 19. Bd4 Bd6 20. b3 Be6
21. e5 Bb4 22. Na2 Be7 23. Nc3 Bf5 24. Ra2 Bb4 25. Ne2 c5 26. Ba1 Rad8 27. Rc1
c4 28. Nd4 cxb3 29. cxb3 Be4 30. Rxc7 Rxe5 31. Re2 Ree8 32. Bb2 Bd6 33. Rc1 a6
34. h4 h5 35. Nc2 Bc5 36. Rce1 f5 37. Ba3 Bb6 38. Bb4 Rd3 39. a5 Ba7 40. Rb1
Rc8 41. Be1 Rg3 42. Kh1 Bxg2+ 43. Kh2 Rg6 44. f4 Bf3 45. Bf2 Bxe2 46. Ne3 Bf3
47. Rg1 Bxe3 0-1

[Event "ICS rated blitz match"]
[Site "204.178.125.65"]
[Date "2000.02.27"]
[Round "?"]
[White "ELSEWIFI"]
[Black "Hossa"]
[Result "0-1"]
[WhiteElo "2071"]
[BlackElo "2422"]
[PlyCount "74"]

1. e4 e5 2. Nf3 Nc6 3. d4 exd4 4. Nxd4 Nf6 5. Nxc6 bxc6 6. Bd3 d5 7. e5 Ng4 8.
O-O Bc5 9. Qe2 Qh4 10. h3 Nh6 11. Nd2 Bxh3 12. gxh3 Qg3+ 13. Kh1 Qxh3+ 14. Kg1
Ng4 15. Nf3 Qg3+ 16. Kh1 Bxf2 17. Bf4 Qxf4 18. Rxf2 Nxf2+ 19. Qxf2 Rb8 20. b3
Ra8 21. Re1 O-O 22. Rg1 g6 23. Qg2 Rfe8 24. Rf1 c5 25. Ng5 Qh4+ 26. Kg1 Re7 27.
Rf3 Rxe5 28. Nxf7 Re7 29. Ng5 c6 30. Rh3 Re1+ 31. Bf1 Qd4+ 32. Kh1 Rf8 33. Nf3
Qe4 34. Kh2 Re3 35. Bd3 Qf4+ 36. Rg3 Rxf3 37. Kh1 Rxg3 0-1

[Event "ICS rated blitz match"]
[Site "204.178.125.65"]
[Date "2000.02.27"]
[Round "?"]
[White "Hossa"]
[Black "ELSEWIFI"]
[Result "1-0"]
[WhiteElo "2426"]
[BlackElo "2067"]
[PlyCount "81"]

1. d4 Nf6 2. c4 g6 3. Nc3 Bg7 4. g3 c6 5. e4 d5 6. e5 Ne4 7. Nxe4 dxe4 8. Bf4
O-O 9. f3 exf3 10. Nxf3 Bg4 11. Bg2 e6 12. h3 Bxf3 13. Bxf3 Na6 14. O-O Nc7 15.
Bg4 b5 16. b3 a5 17. a4 Qd7 18. Rf2 Rfd8 19. axb5 cxb5 20. Bg5 Rdb8 21. Qd2 Bf8
22. Raf1 Bb4 23. Qb2 Rf8 24. Bh6 Rac8 25. Bxf8 Rxf8 26. Be2 bxc4 27. bxc4 Na6
28. Bg4 Nb8 29. Rf4 h5 30. Bf3 Nc6 31. Bxc6 Qxc6 32. Qb3 Qb7 33. c5 Qb5 34. Rf6
a4 35. Rxg6+ Kh7 36. Qc2 Qxf1+ 37. Kxf1 fxg6+ 38. Ke2 a3 39. Qc4 Ra8 40. Qxb4
Ra7 41. Qb6 1-0

[Event "ICS rated blitz match"]
[Site "204.178.125.65"]
[Date "2000.02.27"]
[Round "?"]
[White "Hossa"]
[Black "Amateur"]
[Result "0-1"]
[WhiteElo "2430"]
[BlackElo "2420"]
[PlyCount "244"]

1. d4 d6 2. e4 Nf6 3. Nc3 Nbd7 4. Nf3 e5 5. Be2 Be7 6. dxe5 Nxe5 7. Nxe5 dxe5
8. Qxd8+ Bxd8 9. f4 exf4 10. Bxf4 Bg4 11. Bd1 Bxd1 12. Rxd1 O-O 13. O-O Re8 14.
e5 Ng4 15. Rd7 Rc8 16. h3 Nxe5 17. Bxe5 Rxe5 18. Rfxf7 Rg5 19. a4 a6 20. Ne4
Rg6 21. g3 b5 22. axb5 axb5 23. Kf2 c6 24. Kf3 Bb6 25. b3 Ra8 26. Rb7 Bd4 27.
c3 Be5 28. Rfe7 Rf8+ 29. Kg2 Bf4 30. Kh2 Bc1 31. Rbd7 Ra8 32. Kg2 Rf8 33. Nc5
Bg5 34. Re6 Rgf6 35. h4 Bc1 36. Ree7 Rf2+ 37. Kh3 Bh6 38. Ne6 Ra8 39. Nxg7 Bd2
40. Ne6 Bxc3 41. Rxh7 b4 42. h5 Rf1 43. Kg4 Rf2 44. Rhe7 Re2 45. Nc5 Rxe7 46.
Rxe7 Ra5 47. Nd7 Bg7 48. Re4 Rd5 49. Nb8 c5 50. Nc6 Rd3 51. Na5 Kf7 52. Rf4+
Ke6 53. Rf3 Rc3 54. Nc4 Bh6 55. Nb6 Ke5 56. Na4 Rc1 57. Rf5+ Kd4 58. Rf6 Be3
59. Rd6+ Ke5 60. Rd8 Ke4 61. Re8+ Kd4 62. Rb8 Kd3 63. Nb2+ Kc3 64. Nc4 Bd4 65.
Na5 Ra1 66. Rb5 Rg1 67. Kf4 Rf1+ 68. Kg5 Be3+ 69. Kg4 Rf2 70. h6 Rf7 71. Rb6
Rh7 72. Kh5 Ra7 73. Re6 Bc1 74. Re8 Ra6 75. Rc8 Rxh6+ 76. Kg4 Be3 77. Rf8 Bd4
78. Ra8 Rg6+ 79. Kf4 Rf6+ 80. Ke4 Rg6 81. Kf4 Kd3 82. g4 Be3+ 83. Kg3 Rf6 84.
Rc8 Rf7 85. Rc6 Kc3 86. Re6 Bf4+ 87. Kg2 Ra7 88. Nc6 Rf7 89. Na5 Kd3 90. Rc6
Kd4 91. Rb6 Rh7 92. Rf6 Ke4 93. Re6+ Kd3 94. Re1 Rg7 95. Kf3 Rf7 96. Kg2 Bc7
97. Nc4 Kc2 98. Re3 Rg7 99. Kf3 Rg5 100. Kf2 Rxg4 101. Rh3 Rxc4 102. bxc4 b3
103. Re3 Ba5 104. Rg3 b2 105. Rg1 Bc3 106. Kf3 Bd2 107. Rh1 Bc1 108. Rh5 b1=Q
109. Rxc5 Qb7+ 110. Rd5 Qb3+ 111. Kf2 Be3+ 112. Kg3 Bb6+ 113. Kg2 Qxc4 114. Rg5
Qe4+ 115. Kh3 Bf2 116. Rg7 Kd3 117. Rd7+ Ke3 118. Rg7 Qe5 119. Rg8 Qe6+ 120.
Rg4 Kf3 121. Kh2 Qxg4 122. Kh1 Qg2# 0-1

[Event "ICS rated blitz match"]
[Site "204.178.125.65"]
[Date "2000.02.27"]
[Round "?"]
[White "Amateur"]
[Black "Hossa"]
[Result "1-0"]
[WhiteElo "2436"]
[BlackElo "2414"]
[PlyCount "171"]

1. e4 c5 2. Nf3 e6 3. d4 cxd4 4. Nxd4 Nf6 5. Nc3 d6 6. Be2 Be7 7. O-O O-O 8. f4
a6 9. Be3 Qc7 10. f5 e5 11. Nf3 Re8 12. Qd2 b6 13. Qd3 Bb7 14. Nd2 Nbd7 15. Bf3
Nc5 16. Qc4 Rac8 17. Kh1 Qd8 18. Qe2 d5 19. exd5 Nxd5 20. Bxd5 Bxd5 21. Rad1
Bb7 22. f6 Bxf6 23. Nc4 Qc7 24. Nd6 e4 25. Qg4 Re6 26. Nxc8 Qxc8 27. Rxf6 h5
28. Qh3 gxf6 29. Qxh5 Nd7 30. Qg4+ Kf8 31. Bf4 Ke7 32. Rd4 Qh8 33. Qf5 Qc8 34.
Qh3 Qg8 35. Nd5+ Bxd5 36. Rxd5 Qa8 37. Rd1 Qc6 38. Qa3+ Nc5 39. Qg3 Nd7 40. Qf2
Kd8 41. Qd4 Kc8 42. c4 e3 43. Bxe3 Re4 44. Qd3 Qe6 45. Bd4 Re2 46. h3 f5 47.
Rf1 Re4 48. Qc3 Re2 49. c5 bxc5 50. a3 Qe4 51. Rf2 Qb1+ 52. Kh2 Re1 53. Bxc5
Rc1 54. Qh8+ Kb7 55. Be3 Rh1+ 56. Kg3 f6 57. Qe8 Qd1 58. Qe6 Rg1 59. Qxf5 Rh1
60. Qe4+ Kb8 61. Bf4+ Ka7 62. Rd2 Qe1+ 63. Qxe1 Rxe1 64. Rxd7+ Ka8 65. Rd6 Kb7
66. Rxf6 Re2 67. Rf8 Kc6 68. Rb8 Re1 69. h4 Kd7 70. h5 Rh1 71. h6 Kc6 72. Rc8+
Kb5 73. Rc1 Rh5 74. Kg4 Rd5 75. h7 Rd8 76. Be5 a5 77. Kf5 Rf8+ 78. Ke4 Ka4 79.
g4 Kb3 80. g5 Re8 81. g6 Re7 82. h8=Q Ka4 83. Qg8 Rxe5+ 84. Kxe5 Kb5 85. Qb8+
Ka4 86. Rc4# 1-0

[Event "ICS rated blitz match"]
[Site "204.178.125.65"]
[Date "2000.02.27"]
[Round "?"]
[White "Hossa"]
[Black "Menes"]
[Result "1-0"]
[WhiteElo "2399"]
[BlackElo "2290"]
[PlyCount "101"]

1. e4 c5 2. Nf3 Nc6 3. d4 cxd4 4. Nxd4 Nf6 5. Nc3 e6 6. Ndb5 d6 7. Bf4 e5 8.
Bg5 a6 9. Bxf6 gxf6 10. Na3 b5 11. Nd5 Be6 12. Be2 Bg7 13. Bg4 O-O 14. O-O Rc8
15. Re1 Ne7 16. Qe2 Nxd5 17. exd5 Bd7 18. Qe4 Rc5 19. Rad1 Qc8 20. Bxd7 Qxd7
21. Qd3 f5 22. c3 f4 23. Nc2 f5 24. Nb4 e4 25. Qd2 a5 26. Nc6 Kh8 27. Qxf4 Rg8
28. Nxa5 Be5 29. Qe3 Qg7 30. g3 f4 31. Qxe4 fxg3 32. hxg3 Bxg3 33. Kf1 Rf8 34.
Re2 Bf4 35. Nc6 Rc4 36. Qh1 Bg3 37. Ke1 Bf4 38. Re7 Qg6 39. Nd4 Be5 40. Re6 Qf7
41. Qh4 Bxd4 42. Rxd4 Rc7 43. Rde4 Qg7 44. Rg4 Qf7 45. Rg5 Rc4 46. Qg3 b4 47.
cxb4 Rc1+ 48. Kd2 Rfc8 49. Rxd6 R8c2+ 50. Kd3 Rc8 51. Qe5+ 1-0

[Event "ICS rated blitz match"]
[Site "204.178.125.65"]
[Date "2000.02.27"]
[Round "?"]
[White "Hossa"]
[Black "ewalter"]
[Result "1-0"]
[WhiteElo "2406"]
[BlackElo "2413"]
[PlyCount "37"]

1. d4 Nf6 2. c4 e6 3. g3 d5 4. Bg2 dxc4 5. Nf3 Be7 6. O-O O-O 7. Ne5 c6 8. Nc3
Nfd7 9. Nxc4 b6 10. f4 Bb7 11. Rf2 Na6 12. f5 exf5 13. Rxf5 Rb8 14. e4 c5 15.
d5 b5 16. Nxb5 Re8 17. Bf4 Ra8 18. Nbd6 Bxd6 19. Nxd6 1-0

[Event "ICS rated blitz match"]
[Site "204.178.125.65"]
[Date "2000.02.27"]
[Round "?"]
[White "ELSEWIFI"]
[Black "Hossa"]
[Result "0-1"]
[WhiteElo "2040"]
[BlackElo "2409"]
[PlyCount "26"]

1. e4 e5 2. Nc3 Nf6 3. f4 d5 4. fxe5 Nxe4 5. Nf3 Be7 6. d3 Nxc3 7. bxc3 c5 8.
d4 Nc6 9. Be3 Bg4 10. Be2 Qa5 11. Qd2 cxd4 12. cxd4 Bb4 13. c3 Bxc3 0-1

[Event "ICS rated blitz match"]
[Site "204.178.125.65"]
[Date "2000.02.27"]
[Round "?"]
[White "Hossa"]
[Black "ewalter"]
[Result "1-0"]
[WhiteElo "2412"]
[BlackElo "2257"]
[PlyCount "65"]

1. e4 c5 2. Nf3 d6 3. d4 cxd4 4. Nxd4 Nf6 5. Nc3 a6 6. Bg5 e6 7. f4 Be7 8. Qf3
Qc7 9. O-O-O Nbd7 10. g4 h6 11. Qh3 b5 12. Bg2 Bb7 13. Bxf6 gxf6 14. Qh5 Nc5
15. Rhe1 b4 16. Nce2 Rc8 17. Qh3 Nxe4 18. Qe3 Nc5 19. Bxb7 Qxb7 20. Ng3 Kf8 21.
h3 a5 22. Rd2 a4 23. h4 b3 24. axb3 axb3 25. h5 bxc2 26. Rxc2 Qa6 27. Kd1 d5
28. b3 Ra8 29. Rc3 Qb6 30. Rc1 Ra2 31. Ngf5 Qb4 32. Nxe7 Kxe7 33. Nc6+ 1-0

[Event "ICS rated blitz match"]
[Site "204.178.125.65"]
[Date "2000.02.27"]
[Round "?"]
[White "Menes"]
[Black "Hossa"]
[Result "0-1"]
[WhiteElo "2215"]
[BlackElo "2415"]
[PlyCount "22"]

1. c4 e5 2. Nc3 Nf6 3. e4 Bc5 4. g3 Nc6 5. Bg2 d6 6. h3 O-O 7. Nge2 Be6 8. d3
Nd4 9. O-O Qd7 10. Kh2 Nxe2 11. f3 Nxc1 0-1

[Event "ICS rated blitz match"]
[Site "204.178.125.65"]
[Date "2000.02.27"]
[Round "?"]
[White "joejan"]
[Black "Hossa"]
[Result "0-1"]
[WhiteElo "2153"]
[BlackElo "2421"]
[PlyCount "64"]

1. e4 c5 2. Nc3 Nc6 3. f4 e6 4. Nf3 d5 5. Bb5 Nge7 6. d3 d4 7. Bxc6+ Nxc6 8.
Ne2 Be7 9. O-O O-O 10. c4 f6 11. b3 e5 12. f5 Bd7 13. g4 Qb6 14. h4 h6 15. Kh2
Rfd8 16. Bd2 Rac8 17. g5 hxg5 18. hxg5 fxg5 19. Bxg5 Bxg5 20. Nxg5 Nb4 21. Kg3
Qh6 22. Kg4 Qh2 23. Ng3 Nc2 24. Qf3 Ne3+ 25. Qxe3 dxe3 26. Rh1 Qc2 27. Rh7 Qf2
28. Nh5 Bxf5+ 29. exf5 Rd4+ 30. Ne4 Kxh7 31. Rh1 Qg2+ 32. Nhg3+ Qxh1 0-1

[Event "ICS rated blitz match"]
[Site "204.178.125.65"]
[Date "2000.02.27"]
[Round "?"]
[White "Hossa"]
[Black "Hirug"]
[Result "1-0"]
[WhiteElo "2427"]
[BlackElo "2352"]
[PlyCount "59"]

1. d4 Nf6 2. c4 e6 3. Nc3 Bb4 4. e3 O-O 5. Nf3 b6 6. Bd3 Bb7 7. O-O Bxc3 8.
bxc3 d6 9. Re1 Nbd7 10. e4 e5 11. Bg5 Re8 12. Nd2 Nf8 13. Qf3 Ng6 14. Nb3 c5
15. d5 h6 16. Bd2 Nh7 17. Qh3 Bc8 18. Qh5 Qf6 19. Nc1 Nf4 20. Qd1 Ng5 21. Bxf4
exf4 22. f3 Qxc3 23. Ne2 Qe5 24. Qd2 Nh7 25. Nxf4 Bd7 26. Ne2 Nf6 27. Rac1 Qe7
28. Rcd1 Ba4 29. Ra1 Nd7 30. Nc3 1-0

[Event "ICS Rated standard match"]
[Site "204.178.125.65"]
[Date "2000.02.27"]
[Round "?"]
[White "Hossa"]
[Black "janh"]
[Result "1-0"]
[WhiteElo "2242"]
[BlackElo "2191"]
[PlyCount "159"]

1. e4 Nf6 2. e5 Nd5 3. Nf3 d6 4. d4 dxe5 5. dxe5 Bg4 6. c4 Nb4 7. Qxd8+ Kxd8 8.
Na3 Bxf3 9. gxf3 N8c6 10. Bd2 e6 11. f4 Bc5 12. Rg1 Rg8 13. O-O-O Kc8 14. Kb1
Bxf2 15. Rg2 Bc5 16. Nb5 Ne7 17. Nc3 Nf5 18. Ne4 Be7 19. Ng3 Nh4 20. Rf2 Bc5
21. Re2 Rd8 22. Ne4 Be7 23. Re3 Rd4 24. Nc3 Nf5 25. Rh3 h6 26. Be2 Bc5 27. Bh5
g6 28. Be2 h5 29. Nb5 Rd8 30. Rb3 Nc6 31. Rd3 a6 32. Rxd8+ Nxd8 33. Nc3 Nd4 34.
Bc1 Nxe2 35. Nxe2 Nc6 36. Nc3 Ba7 37. Ne4 b5 38. Ng5 Nd8 39. cxb5 axb5 40. Ne4
Bb6 41. Nf6 Ra4 42. Bd2 Nc6 43. Bc1 Rd4 44. Rxd4 Nxd4 45. Be3 Kb7 46. Nd7 Ba7
47. Nf8 Nf3 48. Bxa7 Kxa7 49. Nh7 Nxh2 50. Ng5 h4 51. Kc2 Ng4 52. Kd3 Kb6 53.
b3 Nh6 54. Kc3 Nf5 55. Kd3 Kc6 56. Ke2 Kd5 57. Kf3 Kd4 58. Nxf7 Kc3 59. Nd8 Kb2
60. Nxe6 Kxa2 61. Kg4 Kxb3 62. Nxc7 Ne3+ 63. Kxh4 Kc2 64. Nxb5 Nf5+ 65. Kg5 Ne3
66. Kxg6 Nd5 67. f5 Ne3 68. f6 Ng4 69. e6 Ne5+ 70. Kg7 Ng4 71. f7 Ne5 72. e7
Nxf7 73. e8=Q Kb3 74. Qxf7+ Kb4 75. Qd5 Ka4 76. Qc5 Ka5 77. Nc3+ Ka6 78. Nd5
Kb7 79. Qc7+ Ka6 80. Qb6# 1-0

[Event "ICS rated blitz match"]
[Site "204.178.125.65"]
[Date "2000.02.28"]
[Round "?"]
[White "patopato"]
[Black "Hossa"]
[Result "0-1"]
[WhiteElo "2052"]
[BlackElo "2440"]
[PlyCount "118"]

1. e4 e5 2. Nf3 Nc6 3. d4 exd4 4. Bc4 Nf6 5. e5 Ng4 6. Bf4 Bb4+ 7. c3 dxc3 8.
bxc3 Bc5 9. Bxf7+ Kxf7 10. Qd5+ Kg6 11. Qxc5 Ncxe5 12. Nxe5+ Nxe5 13. Bxe5 d6
14. Qe3 dxe5 15. O-O Qd5 16. Nd2 Bg4 17. Ne4 h6 18. Rab1 Rhf8 19. f3 Bf5 20.
Rbd1 Qxa2 21. Ng3 Qa5 22. Rfe1 Be6 23. Qxe5 Qxe5 24. Rxe5 Rae8 25. Rde1 Bd7 26.
Kf2 Rxe5 27. Rxe5 a6 28. Re7 Rf7 29. Re4 a5 30. Ne2 a4 31. Nf4+ Kh7 32. Nd3 Bf5
33. Rd4 Bxd3 34. Rxd3 Rf6 35. Rd4 a3 36. Ra4 Ra6 37. Re4 a2 38. Re1 a1=Q 39.
Rxa1 Rxa1 40. Ke3 Ra2 41. g3 Rxh2 42. c4 Ra2 43. Kd4 Ra3 44. Ke4 Rc3 45. c5
Rxc5 46. f4 Rc3 47. g4 Rg3 48. Kf5 g6+ 49. Kf6 Rxg4 50. Ke5 Kg7 51. Ke4 g5 52.
Kf5 Rxf4+ 53. Ke5 Kf7 54. Kd5 Kf6 55. Kc5 Ke6 56. Kb5 Kd5 57. Ka5 Kc4 58. Ka4
Rf3 59. Ka5 Ra3# 0-1

[Event "ICS rated blitz match"]
[Site "204.178.125.65"]
[Date "2000.02.28"]
[Round "?"]
[White "Hossa"]
[Black "patopato"]
[Result "1-0"]
[WhiteElo "2443"]
[BlackElo "2049"]
[PlyCount "119"]

1. e4 c5 2. Nf3 Nc6 3. d4 cxd4 4. Nxd4 Nf6 5. Nc3 e5 6. Ndb5 a6 7. Nd6+ Bxd6 8.
Qxd6 Qe7 9. Qxe7+ Nxe7 10. Bg5 Nfg8 11. O-O-O f6 12. Be3 b5 13. f3 Bb7 14. Bc5
Rc8 15. Bd6 Nc6 16. Nd5 Nd4 17. Nc7+ Kf7 18. Rg1 Ne7 19. c3 Ne6 20. Nxe6 Kxe6
21. Bb4 Rhd8 22. Rd6+ Kf7 23. Rb6 Bc6 24. Rxa6 Rb8 25. c4 bxc4 26. Bxc4+ Ke8
27. Bc3 Rdc8 28. Bd3 Bb5 29. Bxb5 Rxb5 30. Kd2 Nc6 31. a4 Rb3 32. Rc1 Nd4 33.
Rd6 Nc6 34. Rd5 Rcb8 35. Ke3 Nd4 36. f4 Ne6 37. fxe5 fxe5 38. Rxe5 Ke7 39. Rh5
h6 40. a5 Ra8 41. g4 d6 42. Rd5 Nc7 43. Rd3 Rb5 44. Bxg7 Raxa5 45. Rxc7+ Ke6
46. h4 Rxb2 47. Bxb2 Ra4 48. Rh7 Rb4 49. Ba3 Rb6 50. Rxd6+ Rxd6 51. Rxh6+ Kd7
52. Rxd6+ Kc7 53. Kd4 Kb7 54. Kd5 Kc7 55. e5 Kb7 56. Rd7+ Kb6 57. Bc5+ Kb5 58.
Rb7+ Ka4 59. Kc6 Ka5 60. Ra7# 1-0